MARC

LEADER 00000nam0a2200000 4500
001 119425
005 20231031124608.0
020 |a RU  |b 86-60961 
035 |a (RuTPU)RU\TPU\book\129255 
090 |a 119425 
100 |a 20070704d1986 k a0rusy5003 ca 
101 0 |a rus 
102 |a RU 
105 |a y a 000zy 
200 1 |a Строение и свойства неорганических стекол  |e указатель научно-технической литературы, 1970-1984  |f Российская академия наук (РАН), Институт химии силикатов им. И. В. Гребенщикова (ИХС) ; сост. Г. А. Лыкова ; под ред. Е. А. Порай-Кошица 
210 |a Ленинград  |c БАН СССР  |d 1986 
215 |a 150 с.  |d 20 см 
610 1 |a стекло 
610 1 |a библиографические указатели 
610 1 |a строение 
610 1 |a свойства 
610 1 |a стеклообразное состояние 
610 1 |a получение 
610 1 |a кристаллизация 
675 |a 666(01)  |v 3 
686 |a Я19:666  |2 rubbk 
702 1 |a Лыкова  |b Г. А.  |g Галина Аркадьевна  |4 220 
702 1 |a Порай-Кошиц  |b Е. А.  |g Евгений Александрович  |4 340 
712 0 2 |a Российская академия наук (РАН)  |b Институт химии силикатов им. И. В. Гребенщикова (ИХС)  |c (Санкт-Петербург)  |2 stltpush  |3 (RuTPU)RU\TPU\col\274 
801 0 |a RU  |b RuMRKP  |c 19960705  |g psbo 
801 1 |a RU  |b 63413507  |c 20070704  |g PSBO 
801 2 |a RU  |b 63413507  |c 20080922  |g PSBO 
942 |c BK